The gestalt theory and the problem of configuration /

Bibliographic Details
Main Author: Petermann, Bruno, 1898-1941
Format: Book
Language:English
Published: London : Routledge & K. Paul, 1950.
Subjects:

MARC

Tag First Indicator Second Indicator Subfields
LEADER 00000cam a2200000 i 4500
001 in00000061971
005 20151008051108.0
008 780930s1950 enka b 00110 eng d
035 |a (OCoLC)04250727 
035 |9 AAG5682AM 
040 |a YOM  |c YOM  |d TXA  |d UtOrBLW 
049 |a TXAM  |c [267805] 
090 |a BF203  |b .P42 1950 
092 |a 150.1924  |b P479g 
100 1 |a Petermann, Bruno,  |d 1898-1941. 
245 1 4 |a The gestalt theory and the problem of configuration /  |c by Bruno Petermann. 
264 1 |a London :  |b Routledge & K. Paul,  |c 1950. 
300 |a xi, 344 pages :  |b illustrations ;  |c 22 cm. 
336 |a text  |b txt  |2 rdacontent 
337 |a unmediated  |b n  |2 rdamedia 
338 |a volume  |b nc  |2 rdacarrier 
500 |a "First published in England 1932." 
500 |a "Translated by Meyer Fortes." 
500 |a Translation of Die Wertheimer-Koffka-Kohlersche gestalttheorie. 
504 |a Bibliography: pages 321-329. 
600 1 0 |a Wertheimer, Max,  |d 1880-1943. 
600 1 0 |a Koffka, Kurt,  |d 1886-1941. 
600 1 0 |a Köhler, Wolfgang,  |d 1887-1967. 
650 0 |a Gestalt psychology. 
999 |a MARS 
999 f f |s 1be6e3ac-a9da-3f18-8a6b-58c40ff27fab  |i e9c7fa3c-6eba-3e4d-93af-d86f006c832f  |t 0 
952 f f |p ric  |a Texas A&M University  |b Rellis Campus  |c Joint Library Facility  |d Remote Storage  |t 0  |e BF203 .P42 1950  |h Library of Congress classification  |i unmediated -- volume  |m A14800523275 
998 f f |a BF203 .P42 1950  |t 0  |l Remote Storage